00530nmm a2200169Ia 4500008004100000020001800041041000800059100002600067245005400093264006900147300001800216490002200234650002900256856005100285942000700336999001700343251105s9999||||xx |||||||||||||||||und|| a9788415274544 aspa aGermán Zubero, Luis 0aHistoria económica del Aragón contemporáneo a[Madrid, España] :bPrensas Universitarias de Zaragoza, c2012 a484 páginas aCiencias sociales aHistory of Europe: Spain uhttps://public.digitaliapublishing.com/a/23448 cCF c76660d76660